00708 2200193 4500245007700000020002200077250001100099100001900110700001200129650001400141650001600155005001900171260004000190041001400230084001100244300002500255500022500280336000900505 aManajemen Usaha Kecil b : Seri Wirausahawan MudacAthea Kania D.hText a978-602-8823-96-8 aCet. 1 aAthea Kania D. aKuncoro aManajemen aUsaha Kecil a20240508132039 aBandungbBinamuda Ciptakreasic2013 aIndonesia a658.02 aiv, 72 hlm. :cilus, aDalam buku ini kita akan mendapatkan jawabannya. Kita akan belajar bagaimana sebenarnya pengelolaan usaha kecil ,dari mulai pendirian, mengatur penjualan, permodalan, hingga bagaimana manajemen resiko dan hambatan usaha. atext